[Event "Lemesos op"]
[Site "Lemesos"]
[Date "2000.05.23"]
[Round "3"]
[White "Durand, Sylvain"]
[Black "Lazaris, Stelios"]
[Result "1-0"]
[WhiteElo "1850"]
[BlackElo "1840"]
[PlyCount "61"]
[EventDate "2000.05.21"]
[EventType "swiss"]
[EventRounds "7"]
[EventCountry "CYP"]
[SourceTitle "EXT 2003"]
[Source "ChessBase"]
[SourceDate "2002.11.25"]
[SourceVersion "1"]
[SourceVersionDate "2002.11.25"]
[SourceQuality "1"]

1. e4 d5 2. exd5 Qxd5 3. Nc3 Qa5 4. d4 Nf6 5. Bd2 Bg4 6. Be2 h5 7. Nf3 e6 8. h3 Bxf3 9. Bxf3 Qb6 10. 0-0 c6 11. Bf4 Qxb2 12. Ne4 Nbd7 13. Rb1 Qa3 14. Rxb7 Nd5 15. Bh2 Qa6 16. Rb3 N7f6 17. Ng5 Rd8 18. Qb1 Qa5 19. Qb2 Be7 20. c4 Nb6 21. Bxc6+ Nfd7 22. Ne4 Nxc4 23. Qe2 Ncb6 24. Bd6 Nd5 25. Rc1 Rh6 26. Rb5 Qa6 27. Bxd7+ Kf8 28. Bxe7+ Kxe7 29. Bc6 Nc7 30. Bb7 Qxb5 31. Rxc7+ 1-0